Альфреду Шнитке посвящается. Вып. 5 (Запись № 629318)

Подробности
000 -МАРКЕР
контрольное поле 02120nam2a2200325 4500
001 - ИДЕНТИФИКАТОР ЗАПИСИ
контрольное поле RU\NLR\bibl\1021940
005 - ИДЕНТИФИКАТОР ВЕРСИИ
контрольное поле 20260407111205.0
010 ## - МЕЖДУНАРОДНЫЙ СТАНДАРТНЫЙ НОМЕР КНИГИ (ISBN)
Номер (ISBN) 5-85285-846-3
021 ## - НОМЕР ГОСУДАРСТВЕННОЙ РЕГИСТРАЦИИ
Код страны Российская Федерация
Номер 2006-70677
Номер Листа государственной регистраци 3559
035 ## - ДРУГИЕ СИСТЕМНЫЕ НОМЕРА
Идентификатор записи (NLR Aleph) 001009469
100 ## - ДАННЫЕ ОБЩЕЙ ОБРАБОТКИ
Данные общей обработки 20061214d2006 |||y0rusy50 ca
101 0# - ЯЗЫК РЕСУРСА
Язык текста, звукозаписи и т.д. русский
102 ## - СТРАНА ПУБЛИКАЦИИ ИЛИ ПРОИЗВОДСТВА
Страна публикации Российская Федерация
105 ## - ПОЛЕ КОДИРОВАННЫХ ДАННЫХ: ТЕКСТОВЫЕ МАТЕРИАЛЫ, МОНОГРАФИЧЕСКИЕ
Кодированные данные о монографическом текстовом документе a |||||||||
200 0# - ЗАГЛАВИЕ И СВЕДЕНИЯ ОБ ОТВЕТСТВЕННОСТИ
Основное заглавие Вып. 5
Первые сведения об ответственности Моск. гос. ин-т музыки им. А.Г. Шнитке [и др.
Последующие сведения об ответственности ред.-сост.: А.В. Богданова, Е.Б. Долинская]
210 ## - ПУБЛИКАЦИЯ, РАСПРОСТРАНЕНИЕ И ДР.
Дата издания, распространения и т.д. 2006
Место издания, распространения и т.д. Б. м.
215 ## - ФИЗИЧЕСКАЯ ХАРАКТЕРИСТИКА
Специфическое обозначение материала и объем 343,[2] с., [8] л. ил., портр., нот., факс.
Другие сведения о физической характеристике портр.
300 ## - ОБЩИЕ ПРИМЕЧАНИЯ
Текст примечания Общ. загл. тит. л. вып.: Шнитке посвящается... Загл. обл.: Альфреду Шнитке посвящается
300 ## - ОБЩИЕ ПРИМЕЧАНИЯ
Текст примечания В надзаг. также: Посольство Германии в России, Моск. гос. консерватория им. П.И. Чайковского, Союз композиторов России
461 #0 - УРОВЕНЬ НАБОРА
Встроенное поле 001RU\NLR\bibl\137379
-- 2001#$aАльфреду Шнитке посвящается$vВып. 5
Системный номер (АБИС) связанной записи 769174
Место публикации М.
Дата публикации 1999
Первые сведения об ответственности Ком. по культуре правительства Москвы, Моск. гос. ин-т музыки им. А.Г. Шнитке
Имя издателя, распространителя и т.д. МГИМ
Сведения, относящиеся к заглавию Из собр. "Шнитке-Центра"
Заглавие Альфреду Шнитке посвящается
Номер тома Вып. 5
517 0# - ДРУГИЕ ВАРИАНТЫ ЗАГЛАВИЯ
Вариант заглавия Шнитке посвящается...
702 #1 - ИМЯ ЛИЦА - ВТОРИЧНАЯ ОТВЕТСТВЕННОСТЬ
Код отношения Составитель
Материалы, к которым относится поле rus
Графика поля Кириллица
Начальный элемент ввода Богданова
Часть имени, кроме начального элемента ввода А. В.
Дополнения к именам, кроме дат д-р культуролог. наук
Расширение инициалов личного имени Алла Владимировна
Идентификатор авторитетной/нормативной записи RU\NLR\auth\7721725
Системный номер авторитетной/нормативной записи 4786
712 02 - НАИМЕНОВАНИЕ ОРГАНИЗАЦИИ - ВТОРИЧНАЯ ОТВЕТСТВЕННОСТЬ
Код отношения Прочие
Начальный элемент ввода Московский государственный институт музыки им. А. Г. Шнитке
Идентификатор авторитетной/нормативной записи RU\NLR\AUTH\8810038857
Системный номер авторитетной/нормативной записи 576604
712 01 - НАИМЕНОВАНИЕ ОРГАНИЗАЦИИ - ВТОРИЧНАЯ ОТВЕТСТВЕННОСТЬ
Код отношения Прочие
Начальный элемент ввода Федеративная Республика Германия
Структурное подразделение Посольство в Российской Федерации
Идентификатор авторитетной/нормативной записи RU\NLR\AUTH\8810063156
Системный номер авторитетной/нормативной записи 627912
801 #0 - ИСТОЧНИК ЗАПИСИ
Страна Российская Федерация
Организация NLR
Дата составления 20061214
Правила каталогизации rcr
801 #1 - ИСТОЧНИК ЗАПИСИ
Страна Российская Федерация
Организация NLR
Дата составления 20061214
942 ## - ДОПОЛНИТЕЛЬНЫЕ ЭЛЕМЕНТЫ ЗАПИСИ (АБИС)
Тип экземпляра АБИС Книга
980 ## - КОЛЛЕКЦИЯ
Название коллекции Национальная библиография
Экземпляры
Тип экземпляра Дата поступления Источник поступления Библиотека постоянного хранения Библиотека текущего хранения Место хранения Шифр хранения Штрих-код Статус экземпляра Стоимость
Книга 14.12.2006 Обязательный экземпляр РНБ (Московский) РНБ (Московский) Русский книжный фонд: издания с 1957 года 2001-5/123 1-3059256    
Книга 14.12.2006 Обязательный экземпляр РНБ (Московский) РНБ (Московский) Русский книжный фонд: издания с 1957 года 2001-5/123 2323794    
Книга 23.04.2008 Покупка РНБ (Фонтанка) РНБ (Фонтанка) Фонд нот и звукозаписей, подручный   2659213   594.00